000 00852nam a2200265Ia 4500
003 OSt
005 20220927104105.0
006 a|||||r|||| 00| 0
007 ta
008 220926b |||||||| |||| 00| 0 eng d
024 _a116083
037 _cReference Collections
040 _aRTL
_cRTL
_beng
041 _2eng
_aeng
082 _a"L:5191, M4/UN"
110 _aUnited Naitons International Economic and Social Affairs (Deptt of-)
_9363365
245 0 _aMortality and health policy
260 _aNew
_bYork United Naitons USA
_c1984
300 _a320p.
_ccm.
490 _a"US, Internaitonal Conference on populaiton"
650 _aMedicine
_9363366
700 _aUnited Naitons International Economic and Social Affairs (Deptt of-)
_9363367
942 _h"L:5191, M4/UN"
_cCC
999 _c685685
_d685685